000 00301 a2200157 4500
001 175175
020 _a
040 _cMagnum
100 _aRennĂ³, Regina Coeli
240 1 0 _aAleijadinho
_lpor
245 1 0 _aAleijadinho
300 _a39
362 0 _a2001
697 _aESCULTORES
942 _cBK
999 _c175175
_d175175